[Event "Maraba op 6th"]
[Site "Maraba"]
[Date "2023.05.27"]
[Round "3"]
[White "Ramos, Janclei Mendes"]
[Black "Guimaraes, Marcelo Cunha"]
[Result "0-1"]
[WhiteElo "1811"]
[BlackElo "2132"]
[PlyCount "94"]
[EventDate "2023.05.26"]
[EventType "swiss"]
[EventRounds "6"]
[EventCountry "BRA"]
[SourceTitle "EXT 2024"]
[Source "ChessBase"]
[SourceDate "2023.10.10"]
[SourceVersion "1"]
[SourceVersionDate "2023.10.10"]
[SourceQuality "1"]

1. c4 e5 2. Nc3 Nf6 3. Nf3 Nc6 4. g3 Bb4 5. d3 d5 6. cxd5 Nxd5 7. Bd2 0-0 8. Bg2 h6 9. 0-0 Be6 10. Qc2 f6 11. a3 Be7 12. Nh4 Nd4 13. Qd1 Re8 14. Ng6 Bc5 15. Na4 Bd6 16. Nc3 c6 17. Nh4 Nb6 18. Rb1 Bb3 19. Qe1 a5 20. Be3 a4 21. Qd2 Bc7 22. Be4 Qd7 23. Bg6 Bf7 24. Be4 f5 25. Bg2 Qe6 26. Nf3 Rad8 27. Rfe1 Nc4 28. Qc1 Nb3 29. Qc2 Nxe3 30. fxe3 b5 31. Nd2 Bb6 32. Nd1 Rc8 33. Kh1 Qd6 34. Nf1 Bd5 35. e4 fxe4 36. dxe4 Be6 37. Nc3 Qd4 38. e3 Qc4 39. Rbd1 Rcd8 40. h3 Ba5 41. Nd2 Nxd2 42. Rxd2 Rxd2 43. Qxd2 Rd8 44. Qc2 Bxc3 45. bxc3 Qd3 46. Re2 Bc4 47. Qb2 Qxe2 0-1

[Event "Titled Tuesday intern op 08th Nov Late"]
[Site "Chess.com INT"]
[Date "2022.11.08"]
[Round "8"]
[White "Antonova, Nadezhda"]
[Black "Guimaraes, Marcelo Cunha"]
[Result "1-0"]
[WhiteElo "1863"]
[BlackElo "2132"]
[PlyCount "45"]
[EventDate "2022.11.08"]
[EventType "swiss (blitz)"]
[EventRounds "11"]
[EventCountry "USA"]
[SourceTitle "EXT 2024"]
[Source "ChessBase"]
[SourceDate "2023.10.10"]
[SourceVersion "1"]
[SourceVersionDate "2023.10.10"]
[SourceQuality "1"]

1. Nf3 Nf6 2. b3 g6 3. Bb2 Bg7 4. g3 0-0 5. Bg2 d6 6. d4 Nbd7 7. 0-0 e5 8. dxe5 Ng4 9. Qd2 Ndxe5 10. c4 Nxf3+ 11. exf3 Bxb2 12. Qxb2 Qf6 13. Nc3 Ne5 14. f4 Nd3 15. Qd2 Nc5 16. Nd5 Qd8 17. b4 Ne6 18. Qc3 f6 19. Rfd1 c6 20. Ne3 Qe7 21. Rd2 f5 22. Rad1 Rd8 23. b5 1-0

[Event "Titled Tuesday intern op 08th Nov Late"]
[Site "Chess.com INT"]
[Date "2022.11.08"]
[Round "9"]
[White "Guimaraes, Marcelo Cunha"]
[Black "Kovacevic, Radmila"]
[Result "0-1"]
[WhiteElo "2132"]
[BlackElo "2113"]
[PlyCount "36"]
[EventDate "2022.11.08"]
[EventType "swiss (blitz)"]
[EventRounds "11"]
[EventCountry "USA"]
[SourceTitle "EXT 2024"]
[Source "ChessBase"]
[SourceDate "2023.10.10"]
[SourceVersion "1"]
[SourceVersionDate "2023.10.10"]
[SourceQuality "1"]

1. e4 e5 2. Nf3 f5 3. Nxe5 Qf6 4. d4 d6 5. Nc4 fxe4 6. Nc3 Qg6 7. f3 Nf6 8. fxe4 Be7 9. Qf3 Bg4 10. Qe3 0-0 11. Bd2 c6 12. h3 Be6 13. 0-0-0 b5 14. Na5 b4 15. Ne2 Nxe4 16. Nf4 Rxf4 17. Qxf4 Bg5 18. Qxd6 Nxd6 0-1

[Event "Goiania op"]
[Site "Goiania"]
[Date "2017.05.27"]
[Round "4"]
[White "Olivo, Anibal Ribeiro"]
[Black "Guimaraes, Marcelo Cunha"]
[Result "0-1"]
[WhiteElo "1601"]
[BlackElo "2169"]
[PlyCount "76"]
[EventDate "2017.05.26"]
[EventType "swiss"]
[EventRounds "6"]
[EventCountry "BRA"]
[SourceTitle "CBM 178 Extra"]
[Source "ChessBase"]
[SourceDate "2017.06.22"]
[SourceVersion "1"]
[SourceVersionDate "2017.06.22"]
[SourceQuality "1"]

1. e4 c5 2. Nc3 Nc6 3. g3 g6 4. Bg2 Bg7 5. f4 d6 6. Nf3 e6 7. 0-0 Nge7 8. d3 0-0 9. Be3 Nd4 10. Rb1 Nec6 11. a3 Rb8 12. Ne2 b5 13. c3 Nxf3+ 14. Bxf3 Bb7 15. h3 a6 16. g4 f5 17. exf5 exf5 18. g5 Re8 19. Qd2 Ne7 20. Bxb7 Rxb7 21. d4 Nd5 22. Bf2 c4 23. Rbe1 Re4 24. Bg3 Rbe7 25. Nc1 Qe8 26. Rxe4 Rxe4 27. Re1 Kf7 28. Rxe4 Qxe4 29. Qe2 Qxe2 30. Nxe2 Ne3 31. Be1 Nd1 32. Bd2 Nxb2 33. Kg2 d5 34. Ng1 Bf8 35. Bc1 Nd3 36. Ne2 Nxc1 37. Nxc1 Bxa3 38. Na2 a5 0-1

[Event "Luiz Rego Memorial 4th"]
[Site "Teresina"]
[Date "2016.06.26"]
[Round "5"]
[White "Guimaraes, Marcelo Cunha"]
[Black "Mello Sales, Caio de"]
[Result "1-0"]
[WhiteElo "2227"]
[BlackElo "1919"]
[PlyCount "43"]
[EventDate "2016.06.24"]
[EventType "swiss"]
[EventRounds "6"]
[EventCountry "BRA"]
[SourceTitle "EXT 2017"]
[Source "ChessBase"]
[SourceDate "2016.10.25"]
[SourceVersion "1"]
[SourceVersionDate "2016.10.25"]
[SourceQuality "1"]

1. e4 d5 2. exd5 Qxd5 3. Nf3 Bg4 4. Be2 Nf6 5. d4 c6 6. 0-0 Nbd7 7. h3 Bf5 8. c4 Qd6 9. Nc3 e6 10. Nh4 Bg6 11. Nxg6 hxg6 12. Be3 Qc7 13. d5 e5 14. Bf3 Bb4 15. dxc6 bxc6 16. Nb5 cxb5 17. Bxa8 bxc4 18. Bf3 e4 19. Be2 Qe5 20. Qd4 Qf5 21. Qxc4 Qb5 22. Qxb5 1-0

[Event "Sao Luis Maranhense-ch"]
[Site "Sao Luis"]
[Date "2016.02.07"]
[Round "4"]
[White "Sousa, Carlos Eduardo da S"]
[Black "Guimaraes, Marcelo Cunha"]
[Result "0-1"]
[WhiteElo "1774"]
[BlackElo "2218"]
[PlyCount "78"]
[EventDate "2016.02.05"]
[EventType "tourn"]
[EventRounds "9"]
[EventCountry "BRA"]
[SourceTitle "CBM 170 Extra"]
[Source "ChessBase"]
[SourceDate "2016.02.25"]
[SourceVersion "1"]
[SourceVersionDate "2016.02.25"]
[SourceQuality "1"]

1. e4 c5 2. Nf3 d6 3. d4 cxd4 4. Nxd4 Nf6 5. Nc3 a6 6. Bc4 e6 7. 0-0 Nc6 8. Be3 Be7 9. h3 Nxd4 10. Bxd4 b5 11. Bb3 Bb7 12. Re1 0-0 13. Qd2 Rc8 14. a3 Nd7 15. Rad1 Ne5 16. Bxe5 dxe5 17. Qxd8 Rfxd8 18. Ba2 Bc5 19. b4 Bd4 20. Ne2 Rxc2 21. Bb1 Rxe2 22. Rxe2 Bxf2+ 23. Rxf2 Rxd1+ 24. Rf1 Rxf1+ 25. Kxf1 h5 26. Kf2 h4 27. g3 hxg3+ 28. Kxg3 g6 29. h4 f5 30. Ba2 Kf7 31. h5 f4+ 32. Kg4 gxh5+ 33. Kf3 Kf6 34. Bb3 h4 35. Kg4 Bxe4 36. Kxh4 Bd5 37. Bc2 e4 38. Kg4 Ke5 39. Kh3 Kd4 0-1

[Event "Sao Luis Maranhense-ch"]
[Site "Sao Luis"]
[Date "2016.02.06"]
[Round "2"]
[White "Guimaraes, Marcelo Cunha"]
[Black "Lobo, Pedro Aluizio de Ab"]
[Result "1/2-1/2"]
[WhiteElo "2218"]
[BlackElo "1601"]
[PlyCount "38"]
[EventDate "2016.02.05"]
[EventType "tourn"]
[EventRounds "9"]
[EventCountry "BRA"]
[SourceTitle "CBM 170 Extra"]
[Source "ChessBase"]
[SourceDate "2016.02.25"]
[SourceVersion "1"]
[SourceVersionDate "2016.02.25"]
[SourceQuality "1"]

1. e4 e5 2. Nf3 Nc6 3. Bb5 a6 4. Ba4 Nf6 5. 0-0 Nxe4 6. d4 b5 7. Bb3 d5 8. dxe5 Be6 9. Be3 Nc5 10. Nbd2 Nxb3 11. Nxb3 Be7 12. h3 0-0 13. Nc5 Qc8 14. c3 Na5 15. b3 Nb7 16. b4 Nxc5 17. bxc5 c6 18. Qd4 f6 19. Bf4 Rf7 1/2-1/2

[Event "Barreirinhas Athenas op"]
[Site "Barreirinhas"]
[Date "2015.10.17"]
[Round "4"]
[White "Guimaraes, Marcelo Cunha"]
[Black "Luz, Edmundo Reis"]
[Result "1/2-1/2"]
[WhiteElo "2233"]
[BlackElo "2106"]
[PlyCount "76"]
[EventDate "2015.10.16"]
[EventType "swiss"]
[EventRounds "6"]
[EventCountry "BRA"]
[SourceTitle "CBM 168 Extra"]
[Source "ChessBase"]
[SourceDate "2015.10.29"]
[SourceVersion "1"]
[SourceVersionDate "2015.10.29"]
[SourceQuality "1"]

1. d4 Nf6 2. c4 c5 3. d5 b5 4. Qc2 d6 5. e4 b4 6. a3 Nbd7 7. axb4 cxb4 8. Nf3 g6 9. b3 Bg7 10. Bb2 0-0 11. Be2 Nh5 12. Bxg7 Kxg7 13. g3 Nc5 14. Nbd2 e5 15. dxe6 fxe6 16. 0-0 Bb7 17. Nd4 e5 18. Bxh5 exd4 19. Be2 Qf6 20. Bd3 Qe6 21. f4 a6 22. Rae1 Qh3 23. Qb2 Ne6 24. Nf3 Kg8 25. Nxd4 Nxf4 26. Rxf4 Rxf4 27. gxf4 Qxd3 28. Ne6 Qc3 29. Qxc3 bxc3 30. Rc1 Bxe4 31. Rxc3 Rb8 32. Kf2 h6 33. Nc7 a5 34. Ke3 Bf5 35. Kd4 Kf7 36. Re3 Bd7 37. Nd5 Be6 38. Nc7 Bd7 1/2-1/2

[Event "Barreirinhas Athenas op"]
[Site "Barreirinhas"]
[Date "2015.10.16"]
[Round "2"]
[White "Guimaraes, Marcelo Cunha"]
[Black "Abreu, Nilton Silva"]
[Result "1-0"]
[WhiteElo "2233"]
[BlackElo "2048"]
[PlyCount "115"]
[EventDate "2015.10.16"]
[EventType "swiss"]
[EventRounds "6"]
[EventCountry "BRA"]
[SourceTitle "CBM 168 Extra"]
[Source "ChessBase"]
[SourceDate "2015.10.29"]
[SourceVersion "1"]
[SourceVersionDate "2015.10.29"]
[SourceQuality "1"]

1. d4 Nf6 2. c4 e6 3. Nf3 b6 4. g3 Bb7 5. Bg2 h6 6. 0-0 Be7 7. Nc3 0-0 8. d5 Bb4 9. Bd2 Bxc3 10. Bxc3 exd5 11. Nh4 c6 12. cxd5 cxd5 13. Nf5 d6 14. Qd4 Nbd7 15. Nxd6 Bc6 16. Nf5 Re8 17. Rfe1 Re5 18. Qd3 Nc5 19. Qc2 Re8 20. b4 Nce4 21. Bd4 Bd7 22. Ne3 Rc8 23. Qb2 Rc6 24. Rad1 Qc8 25. Bxf6 Nxf6 26. Nxd5 Nxd5 27. Bxd5 Rc2 28. Bxf7+ Kxf7 29. Rxd7+ Qxd7 30. Qxc2 Qe6 31. e4 b5 32. Qd3 a6 33. a3 Re7 34. Re3 Rd7 35. Qb3 Qxb3 36. Rxb3 Ke6 37. Kf1 Rd2 38. Kg2 Ke5 39. Re3 g5 40. g4 Kf4 41. h3 Ke5 42. Kf3 Rd4 43. Rc3 Rd6 44. Ke3 Rd1 45. Rc5+ Kd6 46. Rd5+ Rxd5 47. exd5 Kxd5 48. f4 gxf4+ 49. Kxf4 Kc4 50. h4 Kb3 51. g5 hxg5+ 52. hxg5 Kxa3 53. g6 Kxb4 54. g7 a5 55. g8Q a4 56. Qa2 a3 57. Ke3 Ka4 58. Kd3 1-0

[Event "Maraba op 2nd"]
[Site "Maraba"]
[Date "2015.04.26"]
[Round "6"]
[White "Guimaraes, Marcelo Cunha"]
[Black "Perdomo, Leandro Daniel"]
[Result "1/2-1/2"]
[WhiteElo "2217"]
[BlackElo "2424"]
[PlyCount "49"]
[EventDate "2015.04.24"]
[EventType "swiss"]
[EventRounds "6"]
[EventCountry "BRA"]
[SourceTitle "CBM 166 Extra"]
[Source "ChessBase"]
[SourceDate "2015.06.18"]
[SourceVersion "1"]
[SourceVersionDate "2015.06.18"]
[SourceQuality "1"]

1. e4 e5 2. Nf3 Nc6 3. Nc3 Nf6 4. h3 g6 5. d4 exd4 6. Nxd4 Bg7 7. Nxc6 bxc6 8. Bd3 0-0 9. 0-0 Rb8 10. Rb1 d5 11. Bg5 h6 12. Bh4 g5 13. Bg3 dxe4 14. Nxe4 Nxe4 15. Bxe4 Qxd1 16. Rfxd1 f5 17. Bxc6 f4 18. Bh2 Bb7 19. Bd5+ Kh8 20. Bb3 Be5 21. f3 Bd6 22. Kf1 Ba6+ 23. c4 Bc5 24. Bg1 Bxg1 25. Kxg1 1/2-1/2

[Event "Paraiban-ch op"]
[Site "Joao Pessoa"]
[Date "2012.08.04"]
[Round "4"]
[White "Guimaraes, Marcelo Cunha"]
[Black "Ribeiro, Felix Thiago"]
[Result "1-0"]
[WhiteElo "2215"]
[BlackElo "1963"]
[PlyCount "73"]
[EventDate "2012.08.03"]
[EventType "swiss"]
[EventRounds "6"]
[EventCountry "BRA"]
[SourceTitle "EXT 2014"]
[Source "ChessBase"]
[SourceDate "2013.11.20"]
[SourceVersion "1"]
[SourceVersionDate "2013.11.20"]
[SourceQuality "1"]

1. e4 e5 2. Nf3 Nc6 3. Bb5 Nf6 4. 0-0 Nxe4 5. d4 Nd6 6. Bxc6 dxc6 7. dxe5 Nf5 8. Qxd8+ Kxd8 9. Nc3 h5 10. Bf4 Ne7 11. Ng5 Be6 12. Nxe6+ fxe6 13. Bg5 Ke8 14. Bxe7 Bxe7 15. Rad1 Rd8 16. Rxd8+ Kxd8 17. Ne4 b6 18. f4 Rf8 19. g3 Kc8 20. Rd1 Rd8 21. Rxd8+ Kxd8 22. Kf2 Kd7 23. Kf3 b5 24. h3 c5 25. Ng5 Bxg5 26. fxg5 g6 27. h4 Kc6 28. g4 hxg4+ 29. Kxg4 Kd7 30. h5 Ke8 31. c4 c6 32. b3 a5 33. h6 Kf7 34. cxb5 cxb5 35. Kf4 c4 36. bxc4 b4 37. Ke3 1-0